00591 2200193 4500001002100000005001700021008004100038035002400079082001100103090002000114100001400134245006800148260004400216300004100260500003200301504002900333650001700362990001800379YOGYA-0313000000015420130306082443.0 ind  0010-031300000000154 a297.74 aSK 297.74 Suw P aSUWARJONO aProblematika dakwah islam di desa Sentolo kabupaten Kulon Progo aYogyakarta:bIAIN Sunan Kalijaga,c1997 ax, 93(17) lbr.:bIlus.,Lamp.;c29 cm aSkripsi IAIN Sunan Kalijaga aBibliografi : lbr. 94-95 aDakwah islam a44410-PD/A.12